LEADER 00771cam2-22002771i-450- 001 990000185460403321 005 20060616120507.0 035 $a000018546 035 $aFED01000018546 035 $a(Aleph)000018546FED01 035 $a000018546 100 $a20020821d1879----km-y0itay50------ba 101 0 $aita 105 $ay-------001yy 200 1 $a<>Gioielleria 210 $aRoma$cTipografia eredi Botta$d1879- 215 $a19 p.$d22 cm 461 0$1001000015964$12001$aEsposizione universale del 1878 in Parigi 610 0 $aEsposizione universale$aParigi$a1878 676 $a607.34 801 0$aIT$bUNINA$gRICA$2UNIMARC 901 $aBK 912 $a990000185460403321 952 $a13 N 23 17$b12181/3$fFINBC 959 $aFINBC 997 $aUNINA LEADER 01905nam 2200589Ia 450 001 9910452760503321 005 20200520144314.0 010 $a1-60876-601-2 035 $a(CKB)2550000001041351 035 $a(EBL)3018486 035 $a(SSID)ssj0000852511 035 $a(PQKBManifestationID)12354431 035 $a(PQKBTitleCode)TC0000852511 035 $a(PQKBWorkID)10853985 035 $a(PQKB)11229377 035 $a(MiAaPQ)EBC3018486 035 $a(Au-PeEL)EBL3018486 035 $a(CaPaEBR)ebr10660347 035 $a(OCoLC)829978647 035 $a(EXLCZ)992550000001041351 100 $a20090321d2009 uy 0 101 0 $aeng 135 $aur|n|---||||| 181 $ctxt 182 $cc 183 $acr 200 00$aEffects of liberalizing world agricultural trade$b[electronic resource] /$fHenrick J. Ehrstrom, editor 210 $aNew York $cNova Science$dc2009 215 $a1 online resource (198 p.) 225 1 $aAgriculture issues and policies series 300 $aDescription based upon print version of record. 311 $a1-60741-198-9 320 $aIncludes bibliographical references and index. 410 0$aAgriculture issues and policies series. 606 $aProduce trade$xLaw and legislation$zUnited States 606 $aProduce trade$xLaw and legislation 606 $aAgriculture and state$zUnited States 606 $aAgriculture and state 608 $aElectronic books. 615 0$aProduce trade$xLaw and legislation 615 0$aProduce trade$xLaw and legislation. 615 0$aAgriculture and state 615 0$aAgriculture and state. 676 $a382/.41 701 $aEhrstrom$b Henrick J$0870599 801 0$bMiAaPQ 801 1$bMiAaPQ 801 2$bMiAaPQ 906 $aBOOK 912 $a9910452760503321 996 $aEffects of liberalizing world agricultural trade$91943460 997 $aUNINA LEADER 01375nam a2200313 i 4500 001 991001041859707536 005 20020502182810.0 008 010918s1999 it ||| | ita 020 $a8846414853 035 $ab11455366-39ule_inst 035 $aPRUMB53961$9ExL 040 $aDUSS - Diploma Universitario in Servizio Sociale$bita 110 2 $aISFOL$0423065 245 10$aDal welfare state alle politiche attive di integrazione lavorativa delle persone svantaggiate :$bil dibattito e le esperienze /$ca cura di Claudia Montedoro 260 $aMilano :$bF. Angeli,$c1999 300 $a220 p. ;$c22 cm. 490 0 $aStrumenti e ricerche ;$v82 500 $aAtti della conferenza nazionale tenuta a Roma, 16 aprile 1998 500 $aIn testa al front.: Isfol 650 4$aMinorati - Formazione professionale$zEuropa 650 4$aMinorati - Occupazione$zEuropa 650 4$aOccupazione e disoccupazione - Interventi pubblici$zEuropa 700 1 $aMontedoro, Claudia 907 $a.b11455366$b01-03-17$c01-07-02 912 $a991001041859707536 945 $aLE024 SS/C IV 26$g1$i2024000023805$lle021$nex DUSS$o-$pE0.00$q-$rl$s- $t0$u4$v0$w4$x0$y.i11642336$z01-07-02 996 $aDal welfare state alle politiche attive di integrazione lavorativa delle persone svantaggiate$9820127 997 $aUNISALENTO 998 $ale021$b01-01-01$cm$da $e-$fita$git $h0$i1